Engineering optimization : Methods and applications
Engineering optimization helps engineers zero in on the most effective, efficient solutions to problems. This text provides a practical, real-world understanding of engineering optimization. Rather than belaboring underlying proofs and mathematical derivations, it emphasizes optimization methodology...
Đã lưu trong:
| Hovedforfatter: | |
|---|---|
| Format: | Bog |
| Sprog: | Undetermined |
| Udgivet: |
Hoboken, N.J.
John Wiley & Sons
2006
|
| Fag: | |
| Tags: |
Tilføj Tag
Ingen Tags, Vær først til at tagge denne postø!
|
| Thư viện lưu trữ: | Trung tâm Học liệu Trường Đại học Cần Thơ |
|---|
| LEADER | 01172nam a2200253Ia 4500 | ||
|---|---|---|---|
| 001 | CTU_162785 | ||
| 008 | 210402s9999 xx 000 0 und d | ||
| 020 | |c 135.31 | ||
| 082 | |a 620.0042 | ||
| 082 | |b R256 | ||
| 100 | |a Ravindran, A. | ||
| 245 | 0 | |a Engineering optimization : | |
| 245 | 0 | |b Methods and applications | |
| 245 | 0 | |c A. Ravindran, K.M. Ragsdell, G.V. Reklaitis. | |
| 260 | |a Hoboken, N.J. | ||
| 260 | |b John Wiley & Sons | ||
| 260 | |c 2006 | ||
| 520 | |a Engineering optimization helps engineers zero in on the most effective, efficient solutions to problems. This text provides a practical, real-world understanding of engineering optimization. Rather than belaboring underlying proofs and mathematical derivations, it emphasizes optimization methodology, focusing on techniques and stratagems relevant to engineering applications in design, operations, and analysis. | ||
| 650 | |a Engineering,Mathematical optimization | ||
| 650 | |x Mathematical models | ||
| 650 | |y Tối ư hóa (Toán học),Kỹ thuật | ||
| 650 | |z Mô hình toán học | ||
| 904 | |i Trọng Hiếu | ||
| 980 | |a Trung tâm Học liệu Trường Đại học Cần Thơ | ||